Регионална библиотека "Любен Каравелов" - Русе

Компютърни игри. Вук и Нада (Запис номер 189348)

MARC детайли
000 -Лидер
Контролно поле с фиксирана дължина 01859nam a2200397 c 4500
003 - Код на организацията, давaща контролен номер
Контролно поле BLK
005 - Дата и час на последна редакция
Контролно поле 20250301111045.0
008 - Елементи от данни с фиксирана дължина
fixed length control field 180411b bul|||||r ||||||| ||bul||
010 ## - Наследен системен номер
LC control number KNG00198378000
020 ## - Международен стандартен номер на книга ISBN
Международен стандартен номер на книга ISBN 978-954-474-733-6
-- издат.: Кибеа
040 ## - Източник на каталожния запис
Идентификатор на билиотеката - собственик на записа BLK
041 ## - Код за език
Код за езика на текст/звукозапис или на отделно заглавие Български
Код за езика КДБФ Български
072 #7 - Код за тематичната категория
Код организация bullib
Код за тематична категория Н85
Текст Детска художествена литература Н
080 ## - УДК
Текстов определител УДК Сръбска литература
УДК код - определител по УДК 821.163.41
УДК определител -93-32
УДК - код + определител 821.163.41-93-32
100 1# - Редна дума - Автор
Автор Новак, Николета
Авторска отговорност първи автор
R(LIN) 344802
139 ## - Редно поле
Редна дума Новак, Николета
Авторски знак Но - Н 85
245 10 - Сведения за заглавието
Заглавие Компютърни игри. Вук и Нада
Редно поле (дума) Николета Новак; прев. Русанка Костова Ляпова; ил. Алекса Йованович.
257 ## - Страна на издаване
Страна на създаване/издаване Сърбия
260 ## - Област на издателските данни
-- София
Име на издателя, разпространителя и проч. Кибеа
Година на издаване 2016
Печатница София : Ифо дизайн
300 ## - Физическа характеристика
Страници 24 с.
Илюстрации и др. с цв. ил.
Размери/Мащаб 23Х23 см
380 ## - Жанр
Жанр Детска худож. лит.
490 1# - СЕРИИ (Колекции)
Име на серия Когато малките са големи
500 ## - Общи забележки
Забележка Ориг. загл. Нађа и Вук у епизоди Компјутерске игре ; Кор. загл. Вук и Нада. Компютърни игри ; библиогр. каре Вук и Нада в епизода Компютърни игри.
650 #4 - Допълнително описание по предмет – тема
Основно описание – тема или топоним Книжки-картинки
9 (RLIN) 267880
653 ## - Ключова дума – ненормативна
Ключова дума литература за деца
653 ## - Ключова дума – ненормативна
Ключова дума детска литература
659 ## - Тематичен бюлетин
Тематичен бюлетин Н
700 1# - Други автори (авторска отговорност)
Лично име Ляпова, Русанка Костова
Автороска отговорност (Описва отношението между автора и произведението) прев.
9 (RLIN) 368468
700 1# - Други автори (авторска отговорност)
Лично име Йованович, Алекса
Автороска отговорност (Описва отношението между автора и произведението) ил.
9 (RLIN) 344803
852 ## - Местоположение
Форматна сигнатура Цб 283626
856 4# - Електронен адрес и достъп
Електронен формат pdf - файл
Път до файла /url/
856 4# - Електронен адрес и достъп
Електронен формат pdf - файл
Път до файла /url/
942 ## - АРТИКУЛИ
Вид на библиотечния материал Книги
Скрит в OPAC Не
Koha issues (borrowed), all copies 37
944 ## - СЪЗДАВАНЕ И РЕДАКЦИЯ на ЗАПИСА
Създаване/Редакция Създаване
Дата на регистрацията/редакция 16.12.2016
Статус, дата на статуса Грета Цуфелде
Служител, извършил регистрацията/редакцията 30537
944 ## - СЪЗДАВАНЕ И РЕДАКЦИЯ на ЗАПИСА
Създаване/Редакция Редакция
Дата на регистрацията/редакция 10.02.2017
Статус, дата на статуса ф /
Служител, извършил регистрацията/редакцията Людмила_Стоянова
999 ## - СИСТЕМНИ КОНТРОЛНИ НОМЕРА
Koha biblionumber 189348
Koha biblioitemnumber 189348
Наличности
Код за отписване Код за изгубен артикул Код за повреда Коз за рестрикции Код за отдаване Артикулен № Име на библиотеката - собственик Име на библиотеката, в която се намира в момента Статус (Текущо местоположение) Дата на вписване в системата Местоположение - отдел Цена в лева Инвентарен номер Систематично азбучна сигнатура Баркод Номер на екземпляра Цена в евро Служебна бележка Служебен тип на артикула Източник на класификационната схема
  Не е изгубен Не е повреден без рестрикции ползва се в читалня 333131 Регионална библиотека "Любен Каравелов" Русе Регионална библиотека "Любен Каравелов" Русе Хранилище 2016-12-20 Хранилище 5.00 120000806590 Цб 283626 120000806590 1 2.56 Дост: Dp Вид: Д N: 48 Дата: 15.11.2016 Книги  
  Не е изгубен Не е повреден без рестрикции заемане за дома 333132 Регионална библиотека "Любен Каравелов" Русе Регионална библиотека "Любен Каравелов" Русе Детски отдел 2017-01-27 Детски отдел 4.50 120000808090 821-93/Н 85 Н 120000808090 2 2.30 Дост: Pk Вид: Ф N: 481 Дата: 27.01.2017 Книги Universal Decimal Classification
  Не е изгубен Не е повреден без рестрикции заемане за дома 333133 Регионална библиотека "Любен Каравелов" Русе Регионална библиотека "Любен Каравелов" Русе Детски отдел 2017-01-27 Детски отдел 4.50 120000808091 ДХ 820/899/Н 85 120000808091 3 2.30 Дост: Pk Вид: Ф N: 481 Дата: 27.01.2017 Книги  
  Не е изгубен Не е повреден без рестрикции заемане за дома 858948 Регионална библиотека "Любен Каравелов" Русе Регионална библиотека "Любен Каравелов" Русе Детски отдел 2021-10-27 Детски отдел 4.99   821-93/Н 85 Н 120000861342   2.55   Книги Universal Decimal Classification
  Не е изгубен Не е повреден без рестрикции заемане за дома 858949 Регионална библиотека "Любен Каравелов" Русе Регионална библиотека "Любен Каравелов" Русе Детски отдел 2021-10-27 Детски отдел 3.95   821-93/Н 85 Н 120000861343   2.02   Книги Universal Decimal Classification
  Не е изгубен Не е повреден без рестрикции заемане за дома 858950 Регионална библиотека "Любен Каравелов" Русе Регионална библиотека "Любен Каравелов" Русе Детски отдел 2021-10-27 Детски отдел 3.95   821-93/Н 85 Н 120000861344   2.02   Книги Universal Decimal Classification
Vip Innovations Ltd, Rousse, Bulgaria 2025